000 01045nam a2200301 i 4500
003 DO-SdBNP
005 20240704115437.0
006 a||||gr|||| 00| 0
007 ta
008 240704e2024 dr ||||| |||| 00| f spa d
020 _a9789945654097
040 _aDO-SdBNP
_bspa
_cBNPHU
_erda
082 4 _222
_bD671c
100 1 _aDomínguez Santos, Mario
_d1972-
_eautor
_985954
245 1 3 _aLa caja negra de los pescadores /
_cMario Domínguez Santos; edición y prólogo, Narciza Domínguez
264 1 _aSanto Domingo :
_bEditorial Santuario,
_c2024
300 _a154 páginas :
_bilustraciones, fotografías, retratos ;
_c23 cm.
336 _2rdacontent
_atexto
_btxt
337 _2rdamedia
_asin mediación
_bn
338 _2rdacarrier
_avolumen
_bnc
500 _aIncluye datos biográficos del autor.
500 _aIncluye glosario.
590 _aInventariado 2024 / MF
650 4 _aLiteratura dominicana.
_967
650 4 _aNovela dominicana.
_9223
700 1 _aDomínguez, Narciza,
_eedición y prólogo
_985955
942 _2ddc
_cLBS1
999 _c57166
_d57166